How to find out in geography (Record no. 693919)

MARC details
000 -LEADER
fixed length control field 00755nam a2200253Ia 4500
003 - CONTROL NUMBER IDENTIFIER
control field OSt
005 - DATE AND TIME OF LATEST TRANSACTION
control field 20220927105705.0
008 - FIXED-LENGTH DATA ELEMENTS--GENERAL INFORMATION
fixed length control field 220926b |||||||| |||| 00| 0 eng d
037 ## - SOURCE OF ACQUISITION
Terms of availability Reference Collections
040 ## - CATALOGING SOURCE
Original cataloging agency RTL
Transcribing agency RTL
Language of cataloging eng
041 ## - LANGUAGE CODE
Source of code eng
Language code of text/sound track or separate title eng
100 ## - MAIN ENTRY--PERSONAL NAME
Personal name MINTO C.S.
9 (RLIN) 374217
245 #0 - TITLE STATEMENT
Title How to find out in geography
Remainder of title A guide to current books in english
260 ## - PUBLICATION, DISTRIBUTION, ETC.
Place of publication, distribution, etc. London
Name of publisher, distributor, etc. Pergamon press London
Date of publication, distribution, etc. 1966
300 ## - PHYSICAL DESCRIPTION
Extent 97p.
Dimensions cm.
490 ## - SERIES STATEMENT
Series statement Routledge Studies in the History of Economics
500 ## - GENERAL NOTE
General note Bibliography: P 173-86
942 ## - ADDED ENTRY ELEMENTS (KOHA)
Classification part "UaN6, K6/RR"
Koha item type
Holdings
Withdrawn status Lost status Damaged status Not for loan Home library Current library Date acquired Total Checkouts Full call number Barcode Date last seen Price effective from Koha item type
        Ratan Tata Library Ratan Tata Library 2022-09-27   "UaN6 K6/RR" RT0051616 2022-09-27 2022-09-27  
Copyright @ Delhi University Library System